| 000 | 00776nam a2200205Ia 4500 | ||
|---|---|---|---|
| 999 |
_c7595 _d7595 |
||
| 008 | 200103s 1977 ||||xx |||||||||||||| ||und|| | ||
| 020 | _a0713132329 | ||
| 082 |
_a621.811 _bHAN |
||
| 100 | _aHannah, John | ||
| 245 | 0 | _aMechanics of machines: elementary theory and examples | |
| 250 | _a3rd | ||
| 260 |
_bEdward Arnold _c1977 _aLondon |
||
| 300 | _aviii, 232 p.: ill. | ||
| 504 | _aTable of Contents Dynamics Simple harmonic motion Velocity and acceleration Cams Crank effort diagrams Governors Balancing Friction Friction clutches Belt drives and band brakes Spur gearing Gear trains Appendix | ||
| 650 | _aMachinery | ||
| 650 | _aMechanics, Applied | ||
| 650 | _aMechanical engineering | ||
| 700 |
_aStephens, R. C. _eCo-author |
||
| 942 | _cBK | ||